[Event "Tata Steel-A 80th"]
[Site "Wijk aan Zee"]
[Date "2018.01.16"]
[Round "4"]
[White "Caruana, Fabiano"]
[Black "So, Wesley"]
[Result "1/2-1/2"]
[WhiteElo "2811"]
[BlackElo "2792"]
[Annotator "ChessBase II"]
[PlyCount "96"]
[EventDate "2018.01.13"]
[EventType "tourn"]
[EventRounds "13"]
[EventCountry "NED"]
[EventCategory "20"]
[SourceTitle "CBM 183"]
[Source "ChessBase"]
[SourceDate "2018.03.14"]
[SourceVersion "1"]
[SourceVersionDate "2018.03.14"]
[SourceQuality "1"]
[TimeControl "40/6000+30:20/3000+30:900+30"]

1. d4 {[%emt 0:00:00] Krasenkow,Michal} Nf6 {[%emt 0:00:30]} 2. c4 {[%emt 0:00:00]} e6 {[%emt 0:00:07]} 3. Nc3 {[%emt 0:00:00]} Bb4 {[%emt 0:00:05]} 4. e3 {[%emt 0:00:00]} O-O {[%emt 0:04:31]} 5. Nge2 {[%emt 0:00:02]} d5 {[%emt 0:05:27]} 6. a3 {[%emt 0:00:14]} Be7 {[%emt 0:00:04]} 7. cxd5 {[%emt 0:00:08]} exd5 {[%emt 0:00:03]} 8. Nf4 {[%emt 0:00:08]} Re8 {[%emt 0:05:14]} 9. Bd3 {[%emt 0:00:59]} Bd6 {[%emt 0:03:31]} 10. O-O {[%emt 0:01:27]} ({RR} 10. Nfxd5 Nxd5 11. Nxd5 Qg5) 10... Bxf4 {[%emt 0:00:05]} 11. exf4 {[%emt 0:00:06]} Nc6 {[%emt 0:00:03]} 12. Be3 {[%emt 0:00:47]} ({RR} 12. f3 a6 ({RR} 12... Nxd4 13. Bxh7+ Kxh7 14. Qxd4 b6 15. b4 Kg8) 13. Ne2 Nd7 14. f5 Qf6 15. Bb1 Nb6 16. g4 Nc4 17. Qd3 Bd7) ({RR} 12. Bc2 Ne7 13. f3 ({RR} 13. h3 Bf5 14. Ba4 Bd7 15. Bb3 ({RR} 15. b4 Bxa4 16. Nxa4 Ne4 17. Qd3 b6 18. Ra2 Qd7 19. Nc3 Nf5) ({RR} 15. Bc2) 15... h5 16. f5 Bxf5 17. Bg5 Bg6 18. Bxf6 gxf6 19. Qf3 Nf5 20. Bxd5 c6 21. Ba2 Qxd4 22. Rad1 Qe5 23. Rd7 Re7 24. Rxe7 Qxe7 25. Rd1 Rd8) 13... h5 ({RR} 13... Bf5 14. Ba4 Bd7 15. Bc2 Bf5 16. Ba4 Bd7 17. Bb3 h5 18. Be3 Nf5 19. Bf2 Ne3 20. Bxe3 Rxe3 21. Qd2 Re8 22. Rfe1 Rxe1+ 23. Rxe1 c6 24. Bc2 Qc7 25. Re5 Re8 26. Qe3 Kf8) 14. Re1 Bf5 15. Be3 Bxc2 16. Qxc2 Qd7 17. Bf2 Nc6 18. Qd3 a6 19. h3 Rxe1+ 20. Rxe1 Re8 21. Rxe8+ Nxe8 22. g4 f5 23. g5) ({RR} 12. Ne2 Ne4 13. Be3 ({RR} 13. Qc2 Bf5 14. Be3 Qd7 15. Rac1 ({RR} 15. f3 Nd6 16. Bf2 Na5 17. Nc3 c6 18. g4 Bxd3 19. Qxd3 Re7 20. f5 Rae8) 15... Nd6 16. Rfd1 Rac8 17. Qc5 Bxd3 18. Rxd3 Ne7 19. b3 a6 20. Ng3 c6 21. f3 Ndf5) 13... Bf5 ({RR} 13... Ne7 14. Ng3 Nf5 15. Bxe4 dxe4 16. Nxf5 Bxf5 17. d5) 14. Rc1 Qd7 15. Bb5 Nd6 16. Qa4 Nxb5 17. Qxb5 Rab8 18. Ng3 a6 19. Qa4 Rbc8 20. Nxf5 Qxf5 21. Rc5 Red8 22. Rfc1 h5 23. h3 Rd7 24. Rxc6 bxc6 25. Rxc6 Ra8 26. b4) 12... Ne7 {[%emt 0:00:08]} 13. Qc2 {[%emt 0:12:07]} ({RR} 13. Re1 Nf5 ({RR} 13... c6) 14. Bxf5 ({RR} 14. Qc2 g6 15. h3 h5 16. Rac1 Kg7 17. b4 Nd6 18. Nb5 Nxb5 19. Bxb5 c6 20. Bd3 Ne4 21. b5 Bd7 22. bxc6 bxc6 23. f5 Bxf5 24. Qxc6 Rc8) 14... Bxf5 15. f3 h5 16. Bf2 Rxe1+ 17. Qxe1 Qd6 18. Qe5 Qd7 19. Qe2 Re8 20. Qd2 Qd6 21. h3 Bd7 22. g4 hxg4 23. hxg4 Nh7 24. f5 g6 25. fxg6 Qxg6 26. Re1 c6) 13... g6 {[%emt 0:00:51]} ({RR} 13... Qd7 14. f3 c5 15. Bb5 Nc6 16. Bf2) 14. f3 {[%emt 0:00:15]} Bf5 {[%emt 0:01:41]} ({RR} 14... h5 15. Qd2 ({RR} 15. Bf2 Bf5 16. h3 Qd6 17. Ne2 Bxd3 18. Qxd3 a5 19. Rac1 Ra6 20. g4 hxg4 21. hxg4 Rb6 22. Rc2 a4 23. Bg3 Rb3 24. Qd2 Nc6 25. Nc3 Na5 26. Qh2 Nc4) 15... Bf5 16. Be2 Qd7 ({RR} 16... Nc8 17. Bf2 Nd6 18. Bh4 c6) 17. Rfe1 Be6 18. Bf2 Nf5 19. Bd3 ({RR} 19. g4 hxg4 20. fxg4 Ng7 21. f5 gxf5 22. Bh4 Nh7 ({RR} 22... Nxg4 23. h3)) 19... Nd6 20. Re5 c6 21. Rae1 Bf5 22. Bh4 ({RR} 22. Bf1 Nh7) 22... Nh7 23. Be7 Bxd3 ({RR} 23... f6 24. R5e3 Bxd3 25. Bxd6 Rxe3 26. Qxe3 Qxd6 27. Qxd3 f5) 24. Bxd6 Bf5 25. Bb4 b6 26. a4 a5 27. Ba3 Re6 28. h3 Rae8 29. g4 {So,W (2770)-Karjakin,S (2773) Bilbao 2016 CBM 174 [Krasenkow,Michal] ½-½ (47)}) 15. g4 {[%emt 0:05:46]} Bxd3 {[%emt 0:17:41]} 16. Qxd3 {[%emt 0:00:10]} Kg7 $146 {[%emt 0:04:14]} ({RR} 16... Qd6 17. Rae1 h5 18. h3 hxg4 19. hxg4 Kg7 20. Kg2 a6 21. Qd2 Nd7 22. Bf2 Nf8 23. Re5 f6 24. f5 gxf5 25. Bg3 Qc6 26. Re2 Nfg6 27. Rh1 Rh8 28. Rhe1 Kf7 29. Nd1 Rae8 30. Nf2 Qd7 31. g5 {El Debs,F (2527)-Quesada Perez,Y (2645) Montevideo 2015 0-1 (37)}) ({RR} 16... Qd6 17. Rae1 h5 18. h3 hxg4 19. hxg4 Kg7 20. Kg2 a6 21. Qd2 Nd7 22. Bf2 Nf8 23. Re5 f6) 17. Rae1 {[%emt 0:04:17]} Qd7 {[%emt 0:04:01]} 18. Bf2 {[%emt 0:14:03]} h5 {[%emt 0:02:54]} 19. h3 {[%emt 0:00:42]} c6 {[%emt 0:08:18]} 20. Ne2 {[%emt 0:15:06]} hxg4 {[%emt 0:10:33]} 21. hxg4 {[%emt 0:00:15]} Nfg8 {[%emt 0:08:42]} 22. Bh4 {[%emt 0:10:46]} f5 {[%emt 0:02:13]} 23. Ng3 {[%emt 0:02:09]} Rf8 {[%emt 0:08:42]} 24. Re5 {[%emt 0:02:02]} Rf7 {[%emt 0:03:11]} 25. Qe2 {[%emt 0:07:07]} Kf8 {[%emt 0:01:51]} 26. Re6 {[%emt 0:10:36]} Rc8 {[%emt 0:06:49]} 27. b4 {[%emt 0:06:07]} b6 {[%emt 0:00:05]} 28. Re1 {[%emt 0:01:51]} c5 {[%emt 0:00:20]} 29. bxc5 {[%emt 0:00:41]} bxc5 {[%emt 0:00:02]} 30. dxc5 {[%emt 0:00:06]} Qc7 {[%emt 0:01:33]} 31. Kg2 {[%emt 0:09:11]} Qxc5 {[%emt 0:02:24]} 32. Qe5 {[%emt 0:00:22]} fxg4 {[%emt 0:01:57]} 33. fxg4 {[%emt 0:00:05]} d4 {[%emt 0:00:07]} 34. Qxc5 {[%emt 0:05:33]} Rxc5 {[%emt 0:00:01]} 35. Ne4 {[%emt 0:01:59]} Rc2+ {[%emt 0:00:12]} 36. Kf3 {[%emt 0:00:33]} Nd5 {[%emt 0:03:35]} 37. Bg5 {[%emt 0:00:09] Caruana missed a chance with 37.Rd6, when after 37...Nxf4, he would have 38.Ng5 and black's knight is lost. Instead after 37.Bg5 the game ended in a draw ten moves later.} (37. Rd6 Nxf4 38. Ng5 {[%csl Rf7]}) 37... Rh7 {[%emt 0:04:45]} 38. Nd6 {[%emt 0:01:04]} d3 {[%emt 0:00:49]} 39. f5 {[%emt 0:01:30]} Rh3+ {[%emt 0:02:02]} 40. Ke4 {[%emt 0:00:00]} d2 {[%emt 0:00:24]} 41. Rf1 {[%emt 0:13:51]} d1=Q {[%emt 0:24:26]} 42. Rxd1 {[%emt 0:01:25]} Nc3+ {[%emt 0:00:15]} 43. Kd4 {[%emt 0:00:25]} Nxd1 {[%emt 0:00:18]} 44. f6 {[%emt 0:12:46]} Nxf6 {[%emt 0:00:31]} 45. Bxf6 {[%emt 0:00:30]} Rd2+ {[%emt 0:00:18]} 46. Kc5 {[%emt 0:00:05]} Rc2+ {[%emt 0:08:05]} 47. Kd4 {[%emt 0:03:48]} Rd2+ {[%emt 0:00:09]} 48. Kc5 {[%emt 0:00:02]} Rc2+ {[%emt 0:00:03]} 1/2-1/2

[Event "Gashimov Memorial 2nd"]
[Site "Shamkir"]
[Date "2015.04.24"]
[Round "7"]
[White "Caruana, Fabiano"]
[Black "So, Wesley"]
[Result "1-0"]
[WhiteElo "2802"]
[BlackElo "2788"]
[Annotator "Ramirez Alvarez,Alejandro"]
[PlyCount "101"]
[EventDate "2015.04.17"]
[EventType "tourn"]
[EventRounds "9"]
[EventCountry "AZE"]
[EventCategory "21"]
[SourceTitle "CBM 166"]
[Source "ChessBase"]
[SourceDate "2015.05.11"]
[SourceVersion "1"]
[SourceVersionDate "2015.05.11"]
[SourceQuality "1"]

1. d4 Nf6 2. c4 e6 3. Nc3 Bb4 4. Nf3 b6 5. e3 {It's always pleasant to see a Rubinstein Variation.} Ne4 6. Qc2 Bb7 7. Bd3 f5 8. O-O Bxc3 9. bxc3 O-O 10. c5 $5 (10. Nd2 {has been played hundreds of times, and is considered to be the main line.}) 10... Rf6 {Black isn't kidding around; he weill try to checkmate White with his rook and bishop and queen. His queenside development will be stalled, but for now that is ok. White might develop them for him, if for example he takes on b6.} ({RR} 10... bxc5 11. Rb1 Qc8 12. Ba3 Re8 13. dxc5 Na6 14. Bxa6 Bxa6 15. Rfd1 Bb7 16. Ne5 d6 17. Nd3 Ba6 18. c4 e5 19. cxd6 Nxd6 20. c5 Nc4 21. Qa4 Nxa3 22. Qxa3 Bxd3 23. Qxd3 Qe6 24. Rb7 Re7 25. a4 {Vitiugov,N (2712)-Anand,V (2783) Paris/St Petersburg 2013 ½-½ (40)}) ({RR} 10... d6 11. cxd6 cxd6 12. Nd2 Qh4 13. f3 Nxd2 14. Qxd2 Nc6 15. Ba3 Rad8 16. e4 Na5 17. e5 dxe5 18. Bxf8 Kxf8 19. Rae1 exd4 20. Rxe6 g6 21. Rfe1 dxc3 22. Qxc3 Qd4+ 23. Qxd4 Rxd4 24. Bb5 Rb4 25. a4 {Deac,B (2668)-Harshavardhan,G (2431) chess.com INT 2025 1-0 (48)}) 11. Ne1 $1 {using hte fact that the knight on e4 doesn't have many retreat options with the rook on f6.} bxc5 (11... Rh6 12. g3 $1 {keeps the queen away. White won in both Leko-Andreikin and Georgiev, V-Eljanov.}) 12. Rb1 Qc8 $146 ({RR} 12... Bc6 13. f3 Nd6 14. dxc5 Nb7 15. Ba3 Rh6 16. e4 f4 17. Bb5 Na5 18. Qa4 Bxb5 19. Qxb5 Nbc6 20. Bb4 a6 21. Qe2 Qh4 22. h3 Nxb4 23. cxb4 Nc6 24. Qf2 Qg5 25. Kh1 e5 26. Nc2 Qe7 27. Rfd1 {Ladron de Guevara Bravo,P (2099)-Gonzalez Eiris,D (1837) Mondariz 2017 0-1 (36)}) ({RR} 12... Bc6 13. f3 Nd6 14. c4 Na6 15. a3 Rb8 16. Bb2 Rf7 17. Be2 Qg5 18. Bc1 Rff8 19. Rxb8 Nxb8 20. e4 Qe7 21. d5 exd5 22. exd5 Ba4 23. Qd2 Bb3 24. Qe3 Qxe3+ 25. Bxe3 Re8 26. Kf2 Na6 27. Nd3 {Saduakassova,D (2336)-Kazimova,N (2191) Nakhchivan 2013 ½-½ (61)}) 13. f3 Ng5 14. Be2 cxd4 15. cxd4 {White's down a pawn, but Black's develompent is awkward. His bishop on b7 is exposed, the g5 knight will have to retreat, the f6 rook doesn't do much but be a potential target. However White does still need to do something concrete.} Nc6 16. Nd3 Ba6 17. Bb2 Ne7 18. d5 Rh6 19. dxe6 Nxe6 20. Nf4 Nxf4 21. exf4 Bxe2 22. Qxe2 {How the game has changed. White has a powerful bishop and still has the better coordination. Black has two passed pawns, but hey are not going to be a factor yet.} Re6 23. Qd3 Ng6 (23... Rb8 {looked stronger. The knight will be useful on e7.}) 24. g3 Rb8 25. Qxf5 Reb6 26. Bd4 Rxb1 27. Rxb1 Rxb1+ 28. Qxb1 {With material equality in the endgame it is time to take stock once agian. White is clearly better: his bishop dominates the open board and coordinates much better than the queen and knight.} c5 29. Qb3+ c4 (29... Kh8 30. Qc3 $18) 30. Qb5 {With little effort White has already blockaded the pawns. Now they are ripe for the taking.} Ne7 31. Qg5 $5 (31. Bc5 Nd5 32. Qxc4 Qc6 33. Qd4 $16) 31... Qf8 32. Bc5 Kf7 33. Qe5 Qe8 34. Kf2 {Black is paralyzed.} Nc6 {losing a pawn, but what else to do?} 35. Qh5+ g6 36. Qxh7+ Ke6 37. Qg7 Qf7 38. Qxf7+ Kxf7 39. Ke3 {White has too many pawns on the kingside.} Ke6 40. g4 d6 41. Ba3 d5 42. Bb2 Nb4 43. a4 Nc2+ 44. Kd2 Nb4 45. h4 Nd3 46. Bd4 a6 (46... Nxf4 47. Bxa7 {leaves Black with too many passed pawns to deal with.}) 47. h5 gxh5 48. f5+ Kd6 49. gxh5 $18 Ne5 50. Ke3 Nf7 51. Bg7 1-0

[Event "10th Sinquefield Cup"]
[Site "Saint Louis USA"]
[Date "2023.11.28"]
[Round "7.1"]
[White "Caruana, F.."]
[Black "So, W.."]
[Result "1-0"]
[WhiteElo "2795"]
[BlackElo "2752"]
[PlyCount "49"]
[EventDate "2023.11.21"]

1. d4 Nf6 2. c4 e6 3. Nc3 Bb4 4. e3 c5 5. Nge2 d5 6. a3 Ba5 7. dxc5 dxc4 8. Bd2 Nbd7 9. Ng3 ({RR} 9. Nf4 Nxc5 10. Bxc4 Bc7 11. O-O O-O 12. Qc2 b6 13. b4 Ncd7 14. Rfd1 Bb7 15. Nb5 Bb8 16. Bc3 Qe7 17. Qb2 e5 18. Nd5 Nxd5 19. Bxd5 Bxd5 20. Rxd5 a6 21. Nd6 Nf6 22. Nf5 Qe6 {0-1 (22) Plischki,S (2323)-Mueer,S (2192) Verden an der Aller GER 2025}) 9... b6 $146 ({RR} 9... Nxc5 10. Bxc4 Nd3+ 11. Bxd3 Qxd3 12. Qa4+ Bd7 13. Qxa5 Bc6 14. f3 Rd8 15. O-O-O O-O 16. e4 b6 17. Qg5 Rc8 18. Bf4 Qc4 19. Be5 Ne8 20. Bxg7 {1-0 (20) Bluebaum,M (2670)-Postny,E (2580) chess.com INT 2023}) ({RR} 9... Nxc5 10. Bxc4 Bc7 11. O-O O-O 12. Qe2 Bd7 13. Rfd1 Qe7 14. Nb5 Be5 15. Bb4 a6 16. Nd4 a5 17. Bc3 Rfd8 18. Nc6 Bxc6 19. Bxe5 Ba4 20. Rxd8+ Rxd8 21. h3 h6 22. Rc1 Bc6 23. Bb5 Bxb5 24. Qxb5 {Nepomniachtchi,I (2755)-Carlsen,M (2831) Oslo NOR 2024 ½-½ (52)}) 10. Qf3 Rb8 11. c6 Ne5 12. Qf4 Bxc3 13. Bxc3 Nxc6 14. Rd1 Qe7 15. Bxc4 b5 16. Bxf6 Qxf6 17. Qd6 e5 18. Bxf7+ Kxf7 19. Qc7+ Qe7 20. Qxc6 Bb7 21. Qxb5 Bxg2 22. Qc4+ Kf8 23. Nf5 Qf6 24. Qc5+ Kg8 25. Qc7 1-0

[Event "11th Norway Chess 2023"]
[Site "Stavanger NOR"]
[Date "2023.06.08"]
[Round "8.5"]
[White "Caruana, F.."]
[Black "So, W.."]
[Result "1/2-1/2"]
[WhiteElo "2764"]
[BlackElo "2760"]
[PlyCount "95"]
[EventDate "2023.05.30"]

1. d4 Nf6 2. c4 e6 3. Nc3 Bb4 4. e3 O-O 5. Bd2 d5 6. Nf3 b6 7. cxd5 exd5 8. Bd3 Bd6 9. O-O Re8 10. Re1 ({RR} 10. a3 c5 11. Rc1 c4 12. Bb1 Bg4 13. h3 Bh5 14. Qa4 Nbd7 15. Nh4 a6 16. Qc2 Ne4 17. Nf5 Bf3 18. Ng3 Bxg3 19. fxg3 Bh5 20. Nxd5 Be2 21. Rf4 Ndc5 22. dxc5 Bd3 23. Qd1 Qxd5 24. Be1 Qxc5 {Nakamura,H (2768)-So,W (2761) Saint Louis USA 2023 0-1 (62)}) ({RR} 10. Nb5 Bf8 11. Ne5 c5 12. f4 Bb7 13. Be1 Ne4 14. Nc3 cxd4 15. exd4 Nc6 16. Nxe4 Nxe5 17. dxe5 dxe4 18. Bc4 Rc8 19. Qb3 Qd4+ 20. Bf2 Qxc4 21. Qd1 Bc5 22. Qg4 e3 23. Bh4 e2+ 24. Kh1 exf1=Q+ {Venkatesh,N (2175)-Bok,B (2583) chess.com INT 2025 0-1}) 10... Bb7 11. Qc2 a6 $146 ({RR} 11... c5 12. dxc5 bxc5 13. e4 c4 14. Bf1 dxe4 15. Ng5 Nbd7 16. Ncxe4 Nxe4 17. Nxe4 Bxh2+ 18. Kxh2 Qh4+ 19. Kg1 Bxe4 20. Qxc4 Nb6 21. Qb5 Re6 22. Qg5 Qxg5 23. Bxg5 h6 24. Be3 Rae8 25. Rac1 Rc6 26. Rxc6 {Getman,T (2216)-Kleymenova,V (2057) Moscow RUS 2023 1-0 (43)}) 12. e4 dxe4 13. Nxe4 Nxe4 14. Bxe4 Bxe4 15. Rxe4 Rxe4 16. Qxe4 Nd7 17. Bg5 Qe8 18. Qb7 b5 19. Re1 Qc8 20. Qe4 h6 21. Bh4 Nb6 22. Bg3 Qd7 23. Qb7 Qc8 24. Qc6 Qd7 25. Rc1 Qxc6 26. Rxc6 Bxg3 27. hxg3 Rc8 28. Kf1 Kf8 29. Ne5 Ke7 30. Ke2 f6 31. Nd3 Kd7 32. Rc2 Re8+ 33. Kf3 Kd6 34. Nc5 a5 35. Nb7+ Kd7 36. Nxa5 Ra8 37. b4 Nc4 38. Nxc4 bxc4 39. g4 Kd6 40. Rxc4 Ra3+ 41. Kf4 Rxa2 42. Kg3 c6 43. Kf3 Rb2 44. g3 Kd5 45. Rc5+ Kd6 46. Rc4 Kd5 47. Rc5+ Kd6 48. Rc4 1/2-1/2

[Event "Titled Tue 10th Sep Early"]
[Site "chess.com INT"]
[Date "2024.09.10"]
[Round "4"]
[White "Caruana, F.."]
[Black "Xu, Yi"]
[Result "1-0"]
[WhiteElo "2798"]
[BlackElo "2496"]
[PlyCount "77"]
[EventDate "2024.09.10"]

1. d4 Nf6 2. c4 e6 3. Nc3 Bb4 4. e3 O-O 5. a3 Bxc3+ 6. bxc3 d6 7. Ne2 e5 ({RR} 7... c5 8. Ng3 Nc6 9. Ra2 b6 10. e4 Ba6 11. Bg5 h6 12. h4 hxg5 13. hxg5 g6 14. gxf6 Qxf6 15. e5 dxe5 16. d5 Ne7 17. d6 Nf5 18. Ne4 Qd8 19. Qd3 Kg7 20. g4 Bb7 21. Rh3 Nh4 22. g5 {Ding Liren (2788)-Nepomniachtchi,I (2795) Astana KAZ 2023 ½-½ (45)}) ({RR} 7... Nc6 8. Ng3 e5 9. Be2 Re8 10. O-O b6 11. e4 Ba6 12. f3 Na5 13. Nf5 Nd7 14. Ne3 Nf8 15. Rf2 Ne6 16. Rb1 Qd7 17. Bf1 Rad8 18. g3 Nf8 19. Qd3 exd4 20. cxd4 d5 21. exd5 c6 22. dxc6 {Xu,Y (2468)-Jin,H (2305) Xinghua CHN 2025 1-0 (46)}) 8. Ng3 Re8 9. Bd3 ({RR} 9. f3 Nc6 10. e4 b6 11. Be2 Ba6 12. O-O Na5 13. Nf5 Nd7 14. Qe1 Bxc4 15. Bxc4 Nxc4 16. Qg3 Qf6 17. Bh6 Qg6 18. Nxg7 Qxg3 19. hxg3 Re7 20. Nf5 Re6 21. Kf2 c6 22. Rh1 d5 23. Rh4 Rae8 {Hakobyan,A (2620)-Yilmaz,M (2586) chess.com INT 2025 1-0 (68)}) 9... e4 10. Bc2 $146 ({RR} 10. Bb1 Nc6 11. f3 Na5 12. fxe4 Bg4 13. Qa4 c5 14. O-O Nh5 15. Nxh5 Bxh5 16. Bd3 Bg6 17. Rf4 b6 18. Bd2 Re6 19. Raf1 Qe7 20. Qd1 f6 21. Rh4 Bxe4 22. Bxe4 Rxe4 23. Rxh7 Kxh7 24. Qh5+ Kg8 {Merario Alarcon,A (2375)-Camacho Collados,M (2461) Marbella ESP 2024 0-1 (71)}) 10... b6 11. f3 Bb7 12. O-O Nbd7 13. Bd2 Qe7 14. Nf5 Qf8 15. Qe1 Kh8 16. Qh4 Rad8 17. Rf2 g6 18. Ng3 Qe7 19. Raf1 exf3 20. gxf3 Ba6 21. e4 Bxc4 22. Re1 Ng8 23. Qh3 f6 24. f4 Qf7 25. f5 g5 26. Qg4 Bb3 27. Bxb3 Qxb3 28. h4 gxh4 29. Nh5 Qf7 30. Qxh4 d5 31. Nf4 Rxe4 32. Rxe4 dxe4 33. Ng6+ Kg7 34. Rh2 Nf8 35. Ne5 Qe8 36. Bh6+ Nxh6 37. Qxh6+ Kg8 38. Rg2+ Kh8 39. Qg7# 1-0

[Event "FIDE Candidates 2024"]
[Site "Toronto CAN"]
[Date "2024.04.14"]
[Round "9.4"]
[White "Abasov, N.."]
[Black "Caruana, F.."]
[Result "1/2-1/2"]
[WhiteElo "2632"]
[BlackElo "2803"]
[PlyCount "87"]
[EventDate "2024.04.04"]

1. d4 d5 2. c4 e6 3. Nc3 Bb4 4. a3 Bxc3+ 5. bxc3 Nf6 6. e3 c6 7. a4 O-O 8. Bd3 e5 9. dxe5 dxc4 10. Bxc4 Qxd1+ 11. Kxd1 Ng4 12. Ke1 Nxe5 13. Be2 Rd8 $146 ({RR} 13... Bf5 14. Ba3 Rd8 15. Nf3 Nbd7 16. Nd4 Bd3 17. Bxd3 Nxd3+ 18. Ke2 N3e5 19. Rhb1 b6 20. f4 Nc4 21. Nxc6 Re8 22. Kd3 Nxa3 23. Rxa3 Nc5+ 24. Ke2 Re6 25. Nd4 Re4 26. Kf3 Rae8 27. c4 R4e7 28. Rb2 {Sahoo,U (2281)-Das,S (2437) Kolkata 2018 ½-½ (70)}) 14. Nf3 Nd3+ 15. Bxd3 Rxd3 16. Bb2 Be6 17. Ke2 Rd8 18. Nd2 c5 19. c4 Nc6 20. a5 Rd7 21. Bc3 Rad8 22. Rhc1 h6 23. Rab1 Bf5 24. Rb5 Ne5 25. Bxe5 Rxd2+ 26. Kf3 Ra2 27. Rxb7 Rdd2 28. Bg3 a6 29. Rc7 Rxa5 30. h4 h5 31. Kf4 Be6 32. Ke5 Kh7 33. Ke4 Rb2 34. Rc3 Rd2 35. Rc1 Rd8 36. Rc6 Rd7 37. Bd6 Ra4 38. Kf3 f6 39. Kg3 Bxc4 40. Rxc5 Bf7 41. Bf4 Rb4 42. Rc7 Rb7 43. Rxd7 Rxd7 44. Rc7 1/2-1/2